[Event "CCM5 - 12. ORDIX Open"]
[Site "Mainz"]
[Date "2005.??.??"]
[Round "2"]
[White "Morozevich, Alexander"]
[Black "Koehler, Ronald"]
[Result "1-0"]
[WhiteElo "2728"]
[BlackElo "2262"]
[PlyCount "91"]
[EventDate "2005.??.??"]
[EventType "rapid"]
[EventCountry "GER"]
[Source "Mike Rosa"]
[SourceDate "2009.01.01"]

1. Nc3 c5 2. Nf3 e6 3. d4 cxd4 4. Nxd4 d5 5. e4 dxe4 6. Nxe4 Be7 7. Nb5 Qxd1+
8. Kxd1 Na6 9. Ned6+ Bxd6 10. Nxd6+ Ke7 11. Nxc8+ Rxc8 12. Bxa6 bxa6 13. b3 e5
14. Re1 Ke6 15. Bb2 f6 16. f4 Ne7 17. fxe5 Rhd8+ 18. Kc1 f5 19. c4 f4 20. Bc3
g5 21. Kb2 Nf5 22. Rad1 Ne3 23. Rd6+ Rxd6 24. exd6 Kxd6 25. g3 Re8 26. gxf4
gxf4 27. Bd2 Kc5 28. Kc3 a5 29. Bxe3+ fxe3 30. Kd3 Rd8+ 31. Kxe3 Kb4 32. Rc1
Kc5 33. Rg1 Rd7 34. Rg5+ Kb6 35. Rb5+ Ka6 36. a4 Rg7 37. c5 Rg2 38. Kd3 Rxh2
39. c6 Rh3+ 40. Kd4 Rh6 41. Kd5 Rh5+ 42. Kd6 Rh1 43. c7 Rc1 44. Rb8 Rd1+ 45.
Ke5 Re1+ 46. Kf4 1-0

[Event "CCM5 - 12. ORDIX Open"]
[Site "Mainz"]
[Date "2005.??.??"]
[Round "2"]
[White "Postojev, Alexander"]
[Black "Sokolov, Ivan"]
[Result "0-1"]
[WhiteElo "2256"]
[BlackElo "2717"]
[PlyCount "78"]
[EventDate "2005.??.??"]
[EventType "rapid"]
[EventCountry "GER"]
[Source "Mike Rosa"]
[SourceDate "2009.01.01"]

1. d4 d5 2. c4 c6 3. Nf3 Nf6 4. Nc3 dxc4 5. a4 Bf5 6. e3 e6 7. Bxc4 Bb4 8. O-O
O-O 9. h3 Nbd7 10. Nh4 a5 11. Qe2 Bg6 12. Nxg6 hxg6 13. Rd1 Nb6 14. Bd3 Qd6 15.
e4 Qxd4 16. Be3 Qd8 17. Bc4 Qc7 18. Bxb6 Qxb6 19. e5 Nd5 20. Nxd5 exd5 21. Bd3
Rae8 22. Kh1 f5 23. f4 Re6 24. h4 Bc5 25. g3 Bd4 26. Kg2 Rfe8 27. Rab1 Qb4 28.
b3 R8e7 29. Rh1 Bxe5 30. fxe5 Rxe5 31. Qf2 Re3 32. Rhd1 Qc3 33. Bf1 R7e4 34.
Rdc1 Qe5 35. Rd1 Rg4 36. Rd3 Rgxg3+ 37. Kh1 Qe4+ 38. Bg2 Qxh4+ 39. Kg1 Rxd3 0-1

[Event "CCM5 - 12. ORDIX Open"]
[Site "Mainz"]
[Date "2005.??.??"]
[Round "2"]
[White "Radjabov, Teimour"]
[Black "Stromer, Alexander"]
[Result "1-0"]
[WhiteElo "2682"]
[BlackElo "2253"]
[PlyCount "35"]
[EventDate "2005.??.??"]
[EventType "rapid"]
[EventCountry "GER"]
[Source "Mike Rosa"]
[SourceDate "2009.01.01"]

1. e4 b6 2. d4 Bb7 3. Bd3 Nf6 4. Qe2 Nc6 5. c3 e5 6. Nf3 d6 7. O-O g6 8. Rd1
Qe7 9. dxe5 Nxe5 10. Nxe5 Qxe5 11. Nd2 O-O-O 12. Nf3 Qh5 13. Ng5 Qxe2 14. Bxe2
Rd7 15. e5 h6 16. exf6 hxg5 17. Bg4 Rh4 18. h3 1-0

[Event "CCM5 - 12. ORDIX Open"]
[Site "Mainz"]
[Date "2005.??.??"]
[Round "2"]
[White "Wichmann, Daniel"]
[Black "Dreev, Alexey"]
[Result "0-1"]
[WhiteElo "2255"]
[BlackElo "2698"]
[PlyCount "62"]
[EventDate "2005.??.??"]
[EventType "rapid"]
[EventCountry "GER"]
[Source "Mike Rosa"]
[SourceDate "2009.01.01"]

1. e4 c5 2. c3 d5 3. exd5 Qxd5 4. d4 g6 5. Nf3 Bg7 6. dxc5 Qxc5 7. Be3 Qa5 8.
Qb3 Nc6 9. Bc4 e6 10. Na3 Nge7 11. Nb5 O-O 12. Nd6 Qc7 13. Nxc8 Raxc8 14. Be2
Nf5 15. Bd2 e5 16. O-O e4 17. Ng5 Qe7 18. Bg4 Rcd8 19. Bxf5 Rxd2 20. Nxe4 Rdd8
21. Ng3 gxf5 22. Nxf5 Qe6 23. Qxb7 Qxf5 24. Qxc6 Rd2 25. Qb7 a5 26. Rae1 Qc2
27. Re3 Qxb2 28. Qc6 Rxf2 29. Rg3 Rxf1+ 30. Kxf1 Qb1+ 31. Ke2 Qxa2+ 0-1

[Event "CCM5 - 12. ORDIX Open"]
[Site "Mainz"]
[Date "2005.??.??"]
[Round "3"]
[White "Aronian, Levon"]
[Black "Kachiani Gersinska, Ketino"]
[Result "1-0"]
[WhiteElo "2724"]
[BlackElo "2416"]
[PlyCount "74"]
[EventDate "2005.??.??"]
[EventType "rapid"]
[EventCountry "GER"]
[Source "Mike Rosa"]
[SourceDate "2009.01.01"]

1. d4 d5 2. c4 c6 3. Nc3 Nf6 4. e3 a6 5. Nf3 b5 6. c5 g6 7. Qb3 Bb7 8. a4 Nbd7
9. axb5 axb5 10. Rxa8 Qxa8 11. Qa2 e5 12. Qxa8+ Bxa8 13. b4 exd4 14. Nxd4 Bg7
15. Bb2 O-O 16. Be2 Ne5 17. Kd2 Nfg4 18. f3 Nf6 19. Ra1 Bb7 20. Ra7 Rb8 21. Nb3
Nc4+ 22. Bxc4 dxc4 23. Na5 Ba8 24. Kc2 Rc8 25. e4 Nh5 26. Ne2 Bh6 27. Be5 f5
28. g4 fxg4 29. fxg4 Bg7 30. Bxg7 Nxg7 31. Nd4 h5 32. h3 hxg4 33. hxg4 Kf8 34.
e5 Re8 35. e6 g5 36. e7+ Kf7 37. Naxc6 Bxc6 1-0

[Event "CCM5 - 12. ORDIX Open"]
[Site "Mainz"]
[Date "2005.??.??"]
[Round "3"]
[White "Beikert, Guenther"]
[Black "Morozevich, Alexander"]
[Result "0-1"]
[WhiteElo "2428"]
[BlackElo "2728"]
[PlyCount "80"]
[EventDate "2005.??.??"]
[EventType "rapid"]
[EventCountry "GER"]
[Source "Mike Rosa"]
[SourceDate "2009.01.01"]

1. e4 c5 2. Nf3 a6 3. c4 e6 4. Nc3 Qc7 5. g3 Nf6 6. Bg2 Be7 7. O-O O-O 8. e5
Ng4 9. d4 Nc6 10. Bg5 Qd8 11. Bf4 cxd4 12. Ne4 Qb6 13. h3 f5 14. c5 Qxb2 15.
Rb1 Qa3 16. hxg4 fxe4 17. Nxd4 Qxc5 18. Nxc6 bxc6 19. Bxe4 g5 20. Rc1 Qa5 21.
Bd2 Qxe5 22. Qe2 Qg7 23. Kg2 d5 24. Bb1 Bd7 25. Rh1 h6 26. Rh2 c5 27. Bc3 d4
28. Ba5 Bc6+ 29. Be4 Qe5 30. Re1 Qxe4+ 31. Qxe4 Bxe4+ 32. Rxe4 Rf6 33. f4 Bd6
34. fxg5 hxg5 35. Bd2 Raf8 36. Bxg5 Rf2+ 37. Kh3 e5 38. Rxf2 Rxf2 39. Bh6 c4
40. g5 Kh7 0-1

[Event "CCM5 - 12. ORDIX Open"]
[Site "Mainz"]
[Date "2005.??.??"]
[Round "3"]
[White "Dreev, Alexey"]
[Black "Morawietz, Dieter"]
[Result "1-0"]
[WhiteElo "2698"]
[BlackElo "2389"]
[PlyCount "141"]
[EventDate "2005.??.??"]
[EventType "rapid"]
[EventCountry "GER"]
[Source "Mike Rosa"]
[SourceDate "2009.01.01"]

1. d4 Nf6 2. c4 e6 3. Nc3 Bb4 4. Qc2 O-O 5. a3 Bxc3+ 6. Qxc3 Ne4 7. Qc2 f5 8.
e3 b6 9. Ne2 Bb7 10. f3 Nd6 11. Nc3 c5 12. b3 cxd4 13. exd4 Nc6 14. Be3 f4 15.
Bf2 Nf5 16. O-O-O d5 17. Bd3 Na5 18. c5 Qg5 19. Rhg1 Rac8 20. b4 Nc4 21. Bxc4
dxc4 22. Kb2 Qh6 23. Qe2 Bd5 24. Qe5 Ne7 25. h4 Qg6 26. h5 Qe8 27. h6 gxh6 28.
Rh1 Rf5 29. Qe2 h5 30. Rde1 Kf7 31. Ne4 Rd8 32. Bh4 bxc5 33. Nxc5 Rd6 34. Bxe7
Qxe7 35. Kc3 Qf6 36. Qf2 Qg7 37. Re2 Rc6 38. Rhe1 a5 39. Re5 axb4+ 40. axb4
Rxe5 41. Rxe5 Qg6 42. Qc2 Rc7 43. b5 Ra7 44. Qxg6+ hxg6 45. Re2 Ke7 46. Rb2
Ra3+ 47. Kc2 Ra8 48. b6 Kd6 49. Kc3 Ra3+ 50. Kb4 Ra8 51. Kb5 h4 52. b7 Rb8 53.
Kb6 Bxb7 54. Nxb7+ Kd5 55. Kc7 Rh8 56. Nd8 h3 57. gxh3 Rxh3 58. Rb5+ Kxd4 59.
Nxe6+ Ke3 60. Rc5 Kxf3 61. Rxc4 Rh7+ 62. Kd6 Rh4 63. Ke5 Kg3 64. Nxf4 g5 65.
Rc3+ Kf2 66. Nd3+ Ke3 67. Nc5+ Kd2 68. Rg3 Rc4 69. Ne4+ Ke2 70. Rxg5 Rc8 71.
Rg3 1-0

[Event "CCM5 - 12. ORDIX Open"]
[Site "Mainz"]
[Date "2005.??.??"]
[Round "3"]
[White "Niklasch, Oliver"]
[Black "Grischuk, Alexander"]
[Result "0-1"]
[WhiteElo "2405"]
[BlackElo "2720"]
[PlyCount "84"]
[EventDate "2005.??.??"]
[EventType "rapid"]
[EventCountry "GER"]
[Source "Mike Rosa"]
[SourceDate "2009.01.01"]

1. d4 Nf6 2. c4 g6 3. g3 c5 4. d5 b5 5. cxb5 a6 6. bxa6 Bg7 7. Nc3 O-O 8. Bg2
d6 9. Nf3 Nbd7 10. O-O Nb6 11. Re1 Bxa6 12. e4 Nfd7 13. Bf4 Nc4 14. Qc2 Qa5 15.
Rac1 Rfb8 16. b3 Nce5 17. Nxe5 Nxe5 18. Bxe5 Bxe5 19. Bf1 Bxf1 20. Kxf1 Bxc3
21. Qxc3 Qxc3 22. Rxc3 Rxa2 23. e5 Rd2 24. exd6 exd6 25. Re7 Rxd5 26. Rf3 Rf5
27. Rxf5 gxf5 28. Rd7 Rb6 29. Rd8+ Kg7 30. h4 Kf6 31. Ke2 Ke7 32. Rh8 Rxb3 33.
Rxh7 Rb2+ 34. Ke3 d5 35. h5 d4+ 36. Kf3 c4 37. h6 Rb8 38. Rg7 d3 39. h7 d2 40.
Ke2 Rd8 41. Kd1 c3 42. Rg8 c2+ 0-1

[Event "CCM5 - 12. ORDIX Open"]
[Site "Mainz"]
[Date "2005.??.??"]
[Round "3"]
[White "Pirrot, Dieter"]
[Black "Shirov, Alexei"]
[Result "0-1"]
[WhiteElo "2396"]
[BlackElo "2705"]
[PlyCount "124"]
[EventDate "2005.??.??"]
[EventType "rapid"]
[EventCountry "GER"]
[Source "Mike Rosa"]
[SourceDate "2009.01.01"]

1. e4 c5 2. c3 Nf6 3. e5 Nd5 4. d4 cxd4 5. Nf3 Nc6 6. Bc4 Nb6 7. Bb3 d5 8. exd6
Qxd6 9. Na3 a6 10. O-O e6 11. cxd4 Be7 12. Be3 O-O 13. Ne5 Na5 14. Bc2 Nd5 15.
Rc1 b5 16. Bd2 b4 17. Nac4 Nxc4 18. Nxc4 Qd8 19. Ne5 Bb7 20. Ba4 Bd6 21. Nd7
Qh4 22. g3 Qe4 23. Re1 Qxd4 24. Nxf8 Rxf8 25. Bc6 Bxc6 26. Rxc6 Bc5 27. Be3
Nxe3 28. Qxd4 Bxd4 29. fxe3 Bxb2 30. Rxa6 h5 31. Rd1 Kh7 32. Kf2 Kg6 33. Rd3
Rc8 34. Rd2 Bc1 35. Re2 Rc4 36. h3 Kf6 37. Rb6 g5 38. e4 Rd4 39. e5+ Kg6 40.
Rb5 h4 41. gxh4 Rxh4 42. Kg3 Rc4 43. Kg2 Rd4 44. Kg3 Bd2 45. Kg2 Rd3 46. Kh2
Kf5 47. Kg2 Rd4 48. Rb7 Kg6 49. Rb5 Bf4 50. Kf2 Rd3 51. Rxb4 Rxh3 52. a4 Ra3
53. Ree4 Kf5 54. Rec4 Bxe5 55. Rb5 g4 56. Rxe5+ Kxe5 57. Rxg4 f5 58. Rb4 f4 59.
Ke2 Kf5 60. Kf2 e5 61. Rc4 Ra2+ 62. Kg1 f3 0-1

[Event "CCM5 - 12. ORDIX Open"]
[Site "Mainz"]
[Date "2005.??.??"]
[Round "3"]
[White "Schneider, Ilja"]
[Black "Radjabov, Teimour"]
[Result "0-1"]
[WhiteElo "2390"]
[BlackElo "2682"]
[PlyCount "68"]
[EventDate "2005.??.??"]
[EventType "rapid"]
[EventCountry "GER"]
[Source "Mike Rosa"]
[SourceDate "2009.01.01"]

1. d4 Nf6 2. Bg5 d5 3. Bxf6 exf6 4. e3 Bd6 5. g3 c6 6. Nd2 Nd7 7. Bg2 f5 8. Ne2
Nf6 9. O-O h5 10. c4 dxc4 11. Nxc4 Bc7 12. Nc3 Be6 13. Qe2 h4 14. Rad1 hxg3 15.
fxg3 O-O 16. e4 fxe4 17. Nxe4 Nxe4 18. Bxe4 Qg5 19. Ne5 Rad8 20. Bb1 Bb6 21.
Qe4 g6 22. Rf4 Bf5 23. Qe3 Bxb1 24. Nf3 Qd5 25. Rxb1 Rfe8 26. Qd3 c5 27. Rf1
cxd4 28. Nh4 Re3 29. Nxg6 Rxd3 30. Ne7+ Kf8 31. Nxd5 Rxd5 32. Rxf7+ Ke8 33.
Rf8+ Kd7 34. R1f7+ Kc6 0-1

[Event "CCM5 - 12. ORDIX Open"]
[Site "Mainz"]
[Date "2005.??.??"]
[Round "4"]
[White "Hickl, Joerg"]
[Black "Bacrot, Etienne"]
[Result "1/2-1/2"]
[WhiteElo "2537"]
[BlackElo "2729"]
[PlyCount "97"]
[EventDate "2005.??.??"]
[EventType "rapid"]
[EventCountry "GER"]
[Source "Mike Rosa"]
[SourceDate "2009.01.01"]

1. g3 d5 2. Nf3 c6 3. Bg2 Bg4 4. b3 Nf6 5. Bb2 e6 6. d3 Nbd7 7. Nbd2 Bd6 8. h3
Bxf3 9. Nxf3 Ba3 10. Bxa3 Qa5+ 11. Qd2 Qxa3 12. O-O Qd6 13. c4 O-O 14. Rfc1
Rfe8 15. b4 a6 16. Qb2 h6 17. Rab1 e5 18. cxd5 cxd5 19. Nd2 Nf8 20. e3 Ne6 21.
a3 Rac8 22. Nf3 Nd7 23. Rxc8 Rxc8 24. Rc1 Rxc1+ 25. Qxc1 Nc7 26. Qc3 g5 27. h4
g4 28. Nd2 f5 29. Nb3 b6 30. d4 e4 31. Bf1 Nb8 32. Nc1 Qc6 33. Qb2 b5 34. Nb3
Nd7 35. Na5 Qb6 36. Qc2 Kf8 37. a4 Ke7 38. axb5 axb5 39. Qc6 Ke8 40. Qc3 Ke7
41. Be2 Ke6 42. Bd1 Nb8 43. Nb3 Nc6 44. Kg2 Kd6 45. Nc5 Qa7 46. Be2 Qb6 47. Qa3
Qa7 48. Qc3 Qb6 49. Qa3 1/2-1/2

[Event "CCM5 - 12. ORDIX Open"]
[Site "Mainz"]
[Date "2005.??.??"]
[Round "4"]
[White "Morozevich, Alexander"]
[Black "Lanka, Zigurds"]
[Result "1-0"]
[WhiteElo "2728"]
[BlackElo "2531"]
[PlyCount "89"]
[EventDate "2005.??.??"]
[EventType "rapid"]
[EventCountry "GER"]
[Source "Mike Rosa"]
[SourceDate "2009.01.01"]

1. e4 c5 2. Nc3 Nc6 3. Bb5 Nd4 4. Bc4 g6 5. Nf3 Bg7 6. Nxd4 cxd4 7. Qf3 Nh6 8.
Ne2 e6 9. d3 f5 10. Qh3 Nf7 11. exf5 gxf5 12. Nf4 b5 13. Bb3 Be5 14. a4 Qc7 15.
Nh5 bxa4 16. Rxa4 Rg8 17. f4 Bh8 18. O-O Bb7 19. Rf2 Bc6 20. Ra6 Rg6 21. Re2
Qb7 22. Rxc6 Qxc6 23. Ng3 Nh6 24. Nxf5 Nxf5 25. Qxh7 Rxg2+ 26. Rxg2 O-O-O 27.
Rg8 Bf6 28. Rxd8+ Bxd8 29. Qh3 Qa6 30. Qf1 Qa1 31. Bc4 Bb6 32. Kf2 Ne3 33. Qe1
Nxc2 34. Qe5 Bc7 35. Qc5 Ne3 36. Qxd4 Nf5 37. Qc3 d5 38. Bb5 a6 39. Bc6 Ba5 40.
Qc5 Kd8 41. b4 Qa2+ 42. Ke1 Bxb4+ 43. Qxb4 Qxh2 44. Qb8+ Ke7 45. Ba3+ 1-0

[Event "CCM5 - 12. ORDIX Open"]
[Site "Mainz"]
[Date "2005.??.??"]
[Round "4"]
[White "Ovsejevitsch, Sergei"]
[Black "Aronian, Levon"]
[Result "0-1"]
[WhiteElo "2525"]
[BlackElo "2724"]
[PlyCount "116"]
[EventDate "2005.??.??"]
[EventType "rapid"]
[EventCountry "GER"]
[Source "Mike Rosa"]
[SourceDate "2009.01.01"]

1. Nf3 Nf6 2. c4 e6 3. Nc3 d5 4. d4 dxc4 5. e3 a6 6. a4 c5 7. Bxc4 Nc6 8. O-O
Be7 9. Qe2 cxd4 10. Rd1 e5 11. exd4 exd4 12. Nxd4 Nxd4 13. Qe5 Qd6 14. Qxd6
Bxd6 15. Rxd4 Bc5 16. Rd1 O-O 17. Bf4 Bg4 18. Re1 Rad8 19. h3 Rd4 20. Be3 Rxc4
21. Bxc5 Rxc5 22. hxg4 Nxg4 23. Re7 Rb8 24. Rd1 h5 25. Rdd7 Re5 26. f3 Rxe7 27.
Rxe7 Nf6 28. Kf2 g6 29. Rc7 Kg7 30. b4 h4 31. b5 axb5 32. axb5 b6 33. Rc6 g5
34. Ne4 Nxe4+ 35. fxe4 Re8 36. Kf3 Re6 37. Kg4 Rxe4+ 38. Kxg5 h3 39. gxh3 Re5+
40. Kg4 Rxb5 41. h4 Rb4+ 42. Kg5 Rb1 43. h5 Rg1+ 44. Kf5 b5 45. Rb6 Rb1 46. h6+
Kh7 47. Ke4 b4 48. Kd3 Re1 49. Rb7 Kg6 50. h7 Re8 51. Rxb4 Kxh7 52. Rg4 Kh6 53.
Rg1 f5 54. Rh1+ Kg5 55. Rg1+ Kf6 56. Rf1 Re4 57. Rg1 Ke5 58. Rf1 Kf6 0-1

[Event "CCM5 - 12. ORDIX Open"]
[Site "Mainz"]
[Date "2005.??.??"]
[Round "4"]
[White "Radjabov, Teimour"]
[Black "Chiburdanidze, Maia"]
[Result "1-0"]
[WhiteElo "2682"]
[BlackElo "2509"]
[PlyCount "81"]
[EventDate "2005.??.??"]
[EventType "rapid"]
[EventCountry "GER"]
[Source "Mike Rosa"]
[SourceDate "2009.01.01"]

1. e4 c6 2. d4 d5 3. e5 Bf5 4. Be3 Qb6 5. Qc1 e6 6. Nd2 c5 7. Nb3 Nd7 8. Nf3
Rc8 9. dxc5 Bxc5 10. Nxc5 Nxc5 11. Nd4 Ne7 12. Bb5+ Kf8 13. O-O Qc7 14. f4 a6
15. Be2 Be4 16. Qd1 Nf5 17. Nxf5 Bxf5 18. Rc1 b5 19. c4 dxc4 20. Bxc4 bxc4 21.
Rxc4 g6 22. Bxc5+ Kg7 23. Bf8+ Rhxf8 24. Rxc7 Rxc7 25. h3 Rfc8 26. Qf3 Rc4 27.
Rf2 Be4 28. Qe3 Bd5 29. b3 Rc2 30. Qd3 Rc1+ 31. Kh2 a5 32. Qd2 R8c5 33. Qd3 h5
34. Qd2 R5c3 35. f5 gxf5 36. Qg5+ Kf8 37. Qxh5 R1c2 38. Rd2 Rc5 39. h4 Ke8 40.
Qg5 Be4 41. Rxc2 1-0

[Event "CCM5 - 12. ORDIX Open"]
[Site "Mainz"]
[Date "2005.??.??"]
[Round "4"]
[White "Sprenger, Jan Michael"]
[Black "Dreev, Alexey"]
[Result "0-1"]
[WhiteElo "2508"]
[BlackElo "2698"]
[PlyCount "90"]
[EventDate "2005.??.??"]
[EventType "rapid"]
[EventCountry "GER"]
[Source "Mike Rosa"]
[SourceDate "2009.01.01"]

1. e4 c5 2. Nf3 d6 3. d4 Nf6 4. Nc3 cxd4 5. Nxd4 Nc6 6. Bg5 Bd7 7. Qd2 Rc8 8.
O-O-O Nxd4 9. Qxd4 Qa5 10. Bxf6 gxf6 11. Kb1 Qc5 12. Qd2 Bg7 13. f4 f5 14. e5
O-O 15. exd6 e6 16. h4 Qb6 17. Rh3 Kh8 18. Rc1 Rfd8 19. Rd3 Bc6 20. Qe3 Qxe3
21. Rxe3 Rxd6 22. Nb5 Bxb5 23. Bxb5 Rd2 24. g3 Bd4 25. Rf3 Bf2 26. c4 Bd4 27.
Rb3 Kg7 28. Ba4 b6 29. Bb5 Kh6 30. Rc2 Rd1+ 31. Rc1 Rxc1+ 32. Kxc1 Kh5 33. Kd1
Bf6 34. Rd3 Bxb2 35. Ke2 Bf6 36. Kf3 Kg6 37. Rd7 a6 38. Bxa6 Ra8 39. Bb5 Ra3+
40. Kg2 Rxa2+ 41. Kf3 Bc3 42. Rd3 Bb4 43. Be8 Bc5 44. g4 fxg4+ 45. Kxg4 h5+ 0-1

[Event "CCM5 - 12. ORDIX Open"]
[Site "Mainz"]
[Date "2005.??.??"]
[Round "5"]
[White "Bischoff, Klaus"]
[Black "Radjabov, Teimour"]
[Result "0-1"]
[WhiteElo "2560"]
[BlackElo "2682"]
[PlyCount "68"]
[EventDate "2005.??.??"]
[EventType "rapid"]
[EventCountry "GER"]
[Source "Mike Rosa"]
[SourceDate "2009.01.01"]

1. c4 g6 2. d4 Bg7 3. e4 d6 4. Nc3 Nf6 5. f3 O-O 6. Be3 c5 7. Nge2 Nc6 8. d5
Ne5 9. Ng3 e6 10. Be2 exd5 11. cxd5 h5 12. O-O Nh7 13. Qd2 h4 14. Nh1 f5 15.
Nf2 Bd7 16. a4 a6 17. a5 Qf6 18. Qc2 f4 19. Bd2 h3 20. Nxh3 Bxh3 21. gxh3 Qh4
22. Nd1 Qxh3 23. Ra3 Ng5 24. Kh1 Rf7 25. Nf2 Qh5 26. Qd1 Raf8 27. Rg1 Nh7 28.
Bf1 Ng5 29. Be2 Nd7 30. Ng4 Bxb2 31. Rb3 Bd4 32. Rg2 Ne5 33. Nxe5 Bxe5 34. Rg4
Nxe4 0-1

[Event "CCM5 - 12. ORDIX Open"]
[Site "Mainz"]
[Date "2005.??.??"]
[Round "5"]
[White "Dreev, Alexey"]
[Black "Dautov, Rustem"]
[Result "1/2-1/2"]
[WhiteElo "2698"]
[BlackElo "2595"]
[PlyCount "58"]
[EventDate "2005.??.??"]
[EventType "rapid"]
[EventCountry "GER"]
[Source "Mike Rosa"]
[SourceDate "2009.01.01"]

1. d4 d5 2. c4 c6 3. Nc3 Nf6 4. e3 a6 5. Nf3 b5 6. c5 g6 7. Ne5 Bg7 8. Bd3 O-O
9. O-O Nfd7 10. f4 Nxe5 11. fxe5 f6 12. exf6 exf6 13. Qb3 f5 14. a4 Bb7 15.
axb5 axb5 16. Rxa8 Bxa8 17. Bd2 Nd7 18. Qa2 Nf6 19. Ra1 Bb7 20. Qa5 Qc8 21. Qb6
Nd7 22. Qa7 Bh6 23. Ne2 Re8 24. Nf4 Nf6 25. Qb6 Nd7 26. Qa5 Nf6 27. Qb6 Nd7 28.
Qa7 Nf6 29. Qb6 Nd7 1/2-1/2

[Event "CCM5 - 12. ORDIX Open"]
[Site "Mainz"]
[Date "2005.??.??"]
[Round "5"]
[White "Khenkin, Igor"]
[Black "Morozevich, Alexander"]
[Result "0-1"]
[WhiteElo "2610"]
[BlackElo "2728"]
[PlyCount "64"]
[EventDate "2005.??.??"]
[EventType "rapid"]
[EventCountry "GER"]
[Source "Mike Rosa"]
[SourceDate "2009.01.01"]

1. d4 d5 2. c4 e5 3. dxe5 d4 4. Nf3 Nc6 5. g3 Nge7 6. Bg2 Ng6 7. Qa4 Bb4+ 8.
Nbd2 O-O 9. O-O a5 10. a3 Be7 11. Rd1 Ncxe5 12. Nxe5 Nxe5 13. Nf3 Nxf3+ 14.
Bxf3 Bf6 15. c5 Qe7 16. Bf4 g5 17. Bd2 c6 18. Qc2 a4 19. e3 Be6 20. Re1 d3 21.
Qxd3 Bxb2 22. Rab1 Rfd8 23. Qc2 Bxa3 24. Bc3 Bxc5 25. Ba1 Rd7 26. Red1 Rxd1+
27. Bxd1 b6 28. Bf3 Bd5 29. Bxd5 cxd5 30. Qf5 Qe4 31. Qf6 Qxb1+ 32. Kg2 d4 0-1

[Event "CCM5 - 12. ORDIX Open"]
[Site "Mainz"]
[Date "2005.??.??"]
[Round "5"]
[White "Zvjaginsev, Vadim"]
[Black "Kosteniuk, Alexandra"]
[Result "1/2-1/2"]
[WhiteElo "2659"]
[BlackElo "2516"]
[PlyCount "61"]
[EventDate "2005.??.??"]
[EventType "rapid"]
[EventCountry "GER"]
[Source "Mike Rosa"]
[SourceDate "2009.01.01"]

1. e4 e5 2. Bc4 Nf6 3. d3 c6 4. Qe2 Bc5 5. Nc3 O-O 6. Bg5 h6 7. Bh4 Re8 8. Nf3
d6 9. h3 Be6 10. Bxe6 Rxe6 11. g4 Qb6 12. O-O-O Bd4 13. Qd2 Qa5 14. a3 Bxc3 15.
Qxc3 Qxc3 16. bxc3 Nbd7 17. c4 d5 18. g5 hxg5 19. Nxg5 Rd6 20. f4 Nh5 21. fxe5
Nxe5 22. c5 Rd7 23. exd5 Rxd5 24. Ne4 Nf3 25. Bf2 Re8 26. Rhf1 f6 27. Bg1 Nxg1
28. Rxg1 Re7 29. Rde1 Kf8 30. Ref1 b6 31. cxb6 1/2-1/2

[Event "CCM5 - 12. ORDIX Open"]
[Site "Mainz"]
[Date "2005.??.??"]
[Round "6"]
[White "Belezky, Sasha"]
[Black "Zvjaginsev, Vadim"]
[Result "0-1"]
[WhiteElo "2361"]
[BlackElo "2659"]
[PlyCount "121"]
[EventDate "2005.??.??"]
[EventType "rapid"]
[EventCountry "GER"]
[Source "Mike Rosa"]
[SourceDate "2009.01.01"]

1. Nf3 Nf6 2. g3 b5 3. Bg2 Bb7 4. d3 g6 5. e4 Bg7 6. O-O O-O 7. a4 b4 8. Nbd2
Nc6 9. Rb1 d6 10. b3 Nd7 11. Nc4 e6 12. Bg5 Bf6 13. Bh6 Re8 14. h4 d5 15. exd5
exd5 16. Ne3 Ne7 17. d4 Bg7 18. Bxg7 Kxg7 19. Qd2 a5 20. Ng4 Nf5 21. h5 gxh5
22. Nge5 Nxe5 23. Nxe5 h6 24. Bh3 Nd6 25. f3 Qg5 26. Qf2 h4 27. Kh1 hxg3 28.
Qg2 Bc8 29. Rg1 Bxh3 30. Qxg3 Qxg3 31. Rxg3+ Kh7 32. Rxh3 Re6 33. Rh5 Rg8 34.
Rg1 Rxg1+ 35. Kxg1 Rf6 36. Kf2 Ne4+ 37. Ke3 Ng3 38. Rh3 Nf5+ 39. Kd3 Ne7 40.
Nd7 Rf5 41. c3 bxc3 42. Kxc3 Nc6 43. Nc5 h5 44. Na6 Kh6 45. b4 Rf4 46. b5 Rxd4
47. bxc6 Rc4+ 48. Kd3 Rxc6 49. Nb8 Rc4 50. Nd7 Rxa4 51. Nf6 c6 52. Nxh5 Kg5 53.
Ng7 c5 54. Rh5+ Kg6 55. Rxd5 c4+ 56. Kd4 Kxg7 57. Rd6 Ra3 58. Kxc4 Rxf3 59. Kd4
Rf5 60. Kc4 Re5 61. Ra6 0-1

[Event "CCM5 - 12. ORDIX Open"]
[Site "Mainz"]
[Date "2005.??.??"]
[Round "6"]
[White "Dautov, Rustem"]
[Black "Gagunashvili, Merab"]
[Result "1/2-1/2"]
[WhiteElo "2595"]
[BlackElo "2540"]
[PlyCount "61"]
[EventDate "2005.??.??"]
[EventType "rapid"]
[EventCountry "GER"]
[Source "Mike Rosa"]
[SourceDate "2009.01.01"]

1. d4 d5 2. c4 c6 3. Nf3 Nf6 4. e3 Bf5 5. Nc3 e6 6. Nh4 Be4 7. f3 Bg6 8. Qb3
Qb6 9. Nxg6 hxg6 10. Bd2 Nbd7 11. O-O-O Qxb3 12. axb3 Bd6 13. h3 Nh5 14. Bd3
Ng3 15. Rhe1 O-O 16. c5 Be7 17. b4 e5 18. Ne2 Nxe2+ 19. Rxe2 Bf6 20. Bc3 a6 21.
g4 Rfe8 22. f4 exf4 23. exf4 Rxe2 24. Bxe2 Re8 25. Bf3 Nf8 26. g5 Bd8 27. Bg4
Bc7 28. Bd2 Ne6 29. Re1 Kf8 30. Bxe6 Rxe6 31. Rxe6 1/2-1/2

[Event "CCM5 - 12. ORDIX Open"]
[Site "Mainz"]
[Date "2005.??.??"]
[Round "6"]
[White "Grischuk, Alexander"]
[Black "Buhmann, Rainer"]
[Result "1/2-1/2"]
[WhiteElo "2720"]
[BlackElo "2549"]
[PlyCount "137"]
[EventDate "2005.??.??"]
[EventType "rapid"]
[EventCountry "GER"]
[Source "Mike Rosa"]
[SourceDate "2009.01.01"]

1. e4 c6 2. d4 d5 3. Nc3 dxe4 4. Nxe4 Bf5 5. Ng3 Bg6 6. h4 h6 7. Nf3 Nd7 8. h5
Bh7 9. Bd3 Bxd3 10. Qxd3 Ngf6 11. Bf4 e6 12. O-O-O Be7 13. Ne4 Nxe4 14. Qxe4
Nf6 15. Qd3 Qd5 16. c4 Qe4 17. Qxe4 Nxe4 18. Be3 O-O 19. Ne5 Rac8 20. Rhe1 f5
21. Kb1 Rfd8 22. f3 Nd6 23. b3 Bf6 24. Bf2 b5 25. c5 Nf7 26. Ng6 Re8 27. Kc2
Rcd8 28. a4 bxa4 29. bxa4 e5 30. dxe5 Rxd1 31. Rxd1 Nxe5 32. Rb1 Nc4 33. Rb7
Re2+ 34. Kd3 Rxf2 35. Kxc4 a5 36. Kd3 Ra2 37. Rc7 Ra3+ 38. Ke2 Rxa4 39. Rxc6
Rc4 40. Kd3 Rc3+ 41. Kd2 Rc4 42. Kd3 Rc3+ 43. Kd2 Rc4 44. Rc8+ Kf7 45. c6 a4
46. c7 Ke6 47. Ra8 Rxc7 48. Rxa4 Rb7 49. Ke3 Bg5+ 50. Kf2 Rb2+ 51. Kg3 Rb1 52.
Ra7 Rh1 53. Rxg7 Rxh5 54. Rb7 Rh1 55. Rb6+ Kd5 56. f4 Bd8 57. Rb8 Bc7 58. Rb7
Kc6 59. Rb2 Bd6 60. Rd2 h5 61. Ne5+ Kc7 62. Rc2+ Kd8 63. Nf7+ Ke7 64. Nxd6 Kxd6
65. Re2 h4+ 66. Kf2 h3 67. Re5 h2 68. Kg3 Rf1 69. Kxh2 1/2-1/2

[Event "CCM5 - 12. ORDIX Open"]
[Site "Mainz"]
[Date "2005.??.??"]
[Round "6"]
[White "Kosteniuk, Alexandra"]
[Black "Dreev, Alexey"]
[Result "0-1"]
[WhiteElo "2516"]
[BlackElo "2698"]
[PlyCount "128"]
[EventDate "2005.??.??"]
[EventType "rapid"]
[EventCountry "GER"]
[Source "Mike Rosa"]
[SourceDate "2009.01.01"]

1. e4 c6 2. d4 d5 3. Nd2 dxe4 4. Nxe4 Bf5 5. Ng3 Bg6 6. h4 h6 7. Nf3 e6 8. Ne5
Bh7 9. Bd3 Nf6 10. Bxh7 Nxh7 11. Qd3 Nd7 12. Bf4 Nxe5 13. Bxe5 Nf6 14. O-O-O
Be7 15. Kb1 Qa5 16. Ne4 O-O-O 17. Nxf6 gxf6 18. Bg3 Bd6 19. Bxd6 Rxd6 20. Qf3
f5 21. Qh5 Qc7 22. Rd3 Qe7 23. Rhd1 Qf6 24. c3 Rg8 25. Rg3 Rxg3 26. fxg3 Rd8
27. g4 Qg6 28. Qxg6 fxg6 29. Rf1 Rg8 30. Rf3 Kd7 31. Rg3 g5 32. gxf5 exf5 33.
hxg5 hxg5 34. Rh3 f4 35. Kc2 Ke6 36. Kd3 Kf5 37. Ke2 Kg4 38. Kf2 Rd8 39. Rd3
Kf5 40. b3 c5 41. Rd2 cxd4 42. cxd4 Rd5 43. Kf3 g4+ 44. Kf2 Ke4 45. Re2+ Kxd4
46. Re7 Rc5 47. Rd7+ Ke5 48. Re7+ Kf6 49. Rxb7 Rc2+ 50. Kf1 Rxa2 51. Rb8 Kg5
52. Rh8 Rb2 53. Rh7 a6 54. g3 f3 55. Rg7+ Kf5 56. Rf7+ Kg6 57. Ra7 Rg2 58.
Rxa6+ Kf5 59. Ra5+ Kf6 60. Ra6+ Ke5 61. Ra5+ Kd4 62. Ra4+ Ke3 63. Rxg4 Rb2 64.
Kg1 Rb1+ 0-1